书目信息 |
| 题名: |
国以“食”为天
|
|
| 作者: | 苗复春 著 | |
| 分册: | ||
| 出版信息: | 桂林 广西师范大学出版社 1998.12 |
|
| 页数: | 247页 | |
| 开本: | 32开 | |
| 丛书名: | ||
| 单 册: | ||
| 中图分类: | D669.3 | |
| 科图分类: | ||
| 主题词: | 政治--中国 | |
| 电子资源: | ||
| ISBN: | 7-5633-2820-3 | |
| 000 | 00548nam0 2200193 45 | |
| 001 | 0012091708 | |
| 005 | 20001209170706.2 | |
| 010 | @a7-5633-2820-3@d9.00元 | |
| 100 | @a20001209d1998 km y0chiy0120 ea | |
| 101 | 0 | @achi |
| 105 | @a z 000yy | |
| 200 | 1 | @a国以“食”为天@AGuo Yi“Shi”Wei Tian@f苗复春等著@FMiao Fu Chun Deng Zhu |
| 210 | @a桂林@c广西师范大学出版社@d1998.12 | |
| 215 | @a247页@d32开 | |
| 606 | 0 | @a政治@x中国 |
| 690 | @aD669.3@v3 | |
| 701 | 0 | @a苗复春@4著 |
| 801 | @aCN@bPftUser@c20001209 | |
| 905 | @b301447-450@dD669.3@eM110@f4 | |
| 国以“食”为天/苗复春等著.-桂林:广西师范大学出版社,1998.12 |
| 247页;32开 |
| ISBN 7-5633-2820-3:9.00元 |
| ● |
| 相关链接 |
|
|
|
正题名:国以"食"为天
索取号:D669.3/M110
 
预约/预借
| 序号 | 登录号 | 条形码 | 馆藏地/架位号 | 状态 | 备注 |
| 1 | 301447 | 203014479 | 社科库509/509社科库 76排4列3层/ [索取号:D669.3/M110] | 在馆 | |
| 2 | 301448 | 203014488 | 社科库509/509社科库 76排4列3层/ [索取号:D669.3/M110] | 在馆 | |
| 3 | 301449 | 203014497 | 社科库509/422社科库 41排1列4层/ [索取号:D669.3/M110] | 在馆 | |
| 4 | 301450 | 203014503 | 社科库509/422社科库 41排1列4层/ [索取号:D669.3/M110] | 在馆 |